La percepción de lo político en Costa Rica /
Gespeichert in:
| 1. Verfasser: | |
|---|---|
| Weitere Verfasser: | , |
| Format: | Unbekannt |
| Veröffentlicht: |
Heredia:
Editorial Fundación UNA
|
| Schlagworte: | |
| Tags: |
Tag hinzufügen
Keine Tags, Fügen Sie den ersten Tag hinzu!
|
MARC
| LEADER | 00000 a2200000 04500 | ||
|---|---|---|---|
| 001 | 10867 | ||
| 003 | |||
| 008 | 991231s d | ||
| 040 | |||
| 090 | |a 137513 | ||
| 100 | |a Jiménez M, Alexander | ||
| 245 | |a La percepción de lo político en Costa Rica / |c Alexander Jiménez M. | ||
| 260 | |a Heredia: |b Editorial Fundación UNA | ||
| 300 | |a 282 p. | ||
| 650 | |a CRISIS POLITICA | ||
| 650 | |a MARCO INSTITUCIONAL | ||
| 650 | |a SOCIEDAD CIVIL | ||
| 650 | |a ELECCIONES | ||
| 650 | |a PARTIDOS POLITICOS | ||
| 650 | |a DEMOCRACIA | ||
| 700 | |a | ||
| 700 | |a Oyamburu, Jesús | ||
| 700 | |a | ||
| 700 | |a González, Miguel Angel | ||
| 700 | |a | ||
| 999 | |c 15023 |d 15023 | ||
